00805nam a2200217Ii 45000010005000000030009000050080041000140400033000550410008000880820018000961100064001142450052001782640059002303000012002893360026003013370028003273380027003559400050003829990017004329520138004498692CO-ViMGA241108s9999||||xx |||||||||||||| ||und|| aCO-ViMGAbspaerdacCO-ViMGA0 aspa04a614.0212 I59e1 aInsituto Nacional para programas especialesde Salud,95282110aEstudio de instituciones de atención médica 1aBogotá, Colombia : Ministerio de Salud publica, 1973 avolumen atextbtxt2rdacontent aunmediatedbn2rdamedia avolumebnc2rdacarrier aidficha_siabuc: 8495. -- ficha_no_siabuc:8692 c47765d47765 001040708001aMEVIGERRbMEVIGERRcGENd2006-11-27o614.0212 I59epECA9022r2024-11-26 09:37:35tEj.1w2024-11-26yBKz8495 | 11924